La reforma agraria en Taiwan / (Registro nro. 14242)
[ vista simple ]
| 000 -LIDER | |
|---|---|
| fixed length control field | 00626nam a2200217 a 4500 |
| 001 - NÚMERO DE CONTROL | |
| Identificador de número de control | |
| 003 - IDENTIFICACDOR DE NÚMERO DE CONTROL | |
| control field | DO-SdBNP |
| 005 - DATE AND TIME OF LATEST TRANSACTION | |
| control field | 20220824081716.0 |
| 008 - ELEMENTOS DE LONGITUD FIJA | |
| fixed length control field | 110217s1964 sp r 000 0 spa d |
| 040 ## - FUENTE DE CATALOGACIÓN | |
| Agencia que crea de manera original el registro | DO-SdBNP |
| Idioma de catalogación | spa |
| Agencia que realiza la transcripción | BPMSU |
| 082 ## - NÚMERO DE CLASIFICACIÓN DECIMAL DE DEWEY | |
| Classification number | 333.951 |
| Item number | C518r |
| Edition number | 22 |
| 100 1# - ASIENTO PRINCIPAL -- NOMBRE PERSONAL | |
| Nombre personal | Chen, Cheng |
| 245 13 - MENCIÓN DE TITULO | |
| Título | La reforma agraria en Taiwan / |
| Mención de responsabilidad | Chen Cheng. |
| 260 ## - PUBLICACIÓN, DISTRIBUCIÓN, ETC. (PIE DE IMPRENTA) | |
| Lugar de publicación, distribución, etc | Madrid : |
| Nombre del editor, distribuidor, etc. | Compañía China de Publicaciones, |
| Fecha de publicación, distribución, etc | 1964. |
| 300 ## - DESCRIPCIÓN FÍSICA | |
| Extensión | 332 p. : |
| Otros detalles físicos | il. ; |
| Dimensiones | 21 cm. |
| 500 ## - NOTA GENERAL | |
| Nota general | Incluye índice alfabético. |
| 590 ## - NOTA LOCAL | |
| Enlace | Inventariado, 2022/VM |
| 650 #4 - ENCABEZAMIENTO DE MATERIA--TEMÁTICO | |
| Término temático o nombre geográfico como elemento de entrada | Reforma agraria |
| Subdivisión geográfica | Taiwan |
| 650 #4 - ENCABEZAMIENTO DE MATERIA--TEMÁTICO | |
| Término temático o nombre geográfico como elemento de entrada | Agricultura |
| Subdivisión geográfica | Taiwan |
| 942 ## - ADDED ENTRY ELEMENTS (KOHA) | |
| Source of classification or shelving scheme | Dewey Decimal Classification |
| Koha item type | Libros |
| Withdrawn status | Lost status | Source of classification or shelving scheme | Damaged status | Not for loan | Collection code | Home library | Current library | Date acquired | Source of acquisition | Full call number | Barcode | Date last seen | Price effective from | Koha item type | Total Checkouts | Copy number |
|---|---|---|---|---|---|---|---|---|---|---|---|---|---|---|---|---|
| Dewey Decimal Classification | Colección General | Biblioteca Pública Metropolitana Salomé Ureña | Biblioteca Pública Metropolitana Salomé Ureña | Certu | BPMSU CG 333.951 C518r 1964 | BPMSU22080023 | 08/24/2022 | 08/24/2022 | Libros | |||||||
| Dewey Decimal Classification | Colección General | Biblioteca Pública Metropolitana Salomé Ureña | Biblioteca Pública Metropolitana Salomé Ureña | Certu | BPMSU CG 333.951 C518r 1964 | BPMSU22080024 | 08/24/2022 | 08/24/2022 | Libros | e.2 | ||||||
| Dewey Decimal Classification | Colección General | Biblioteca Pública Metropolitana Salomé Ureña | Biblioteca Pública Metropolitana Salomé Ureña | Certu | BPMSU CG 333.951 C518r 1964 | BPMSU22080025 | 08/24/2022 | 08/24/2022 | Libros | e.3 |